[Event "ROM-ch U10"]
[Site "Baile Felix"]
[Date "2017.02.05"]
[Round "4"]
[White "Anusca, David Alexandru"]
[Black "Covrig, Raul Alexandru"]
[Result "1-0"]
[WhiteElo "1162"]
[BlackElo "1162"]
[PlyCount "45"]
[EventDate "2017.02.02"]
[EventType "swiss"]
[EventRounds "9"]
[EventCountry "ROU"]
[SourceTitle "CBM 176 Extra"]
[Source "ChessBase"]
[SourceDate "2017.03.02"]
[SourceVersion "1"]
[SourceVersionDate "2017.03.02"]
[SourceQuality "1"]

1. e4 e5 2. Nf3 Nc6 3. Nc3 Nf6 4. Bc4 Nxe4 5. Bxf7+ Kxf7 6. Nxe4 Be7 7. d4 d6 8. Nfg5+ Bxg5 9. Nxg5+ Ke7 10. Nxh7 Kf7 11. Qf3+ Kg8 12. Ng5 Qe7 13. dxe5 Nxe5 14. Qb3+ Kf8 15. 0-0 Rh5 16. f4 Ng4 17. h3 Nf6 18. Bd2 Bd7 19. Rfe1 Be6 20. Rxe6 Qd7 21. Rae1 Re8 22. Rxe8+ Nxe8 23. Ne6+ 1-0